| 000 | 00781pam a2200229 4500 | ||
|---|---|---|---|
| 001 | 8583 | ||
| 005 | 20181127190312.0 | ||
| 008 | 930218s1993 nyu b 000 0 eng | ||
| 010 | _a 93000607 | ||
| 020 |
_a0815312172 : _c$65.00 (est.) |
||
| 082 | 0 | 0 |
_a657/.72 _220 |
| 100 |
_aLee, Thomas A. _b _c _d _eeditor _q |
||
| 245 | 0 | 0 |
_aCash flow reporting : _ba recent history of an accounting practice / _cedited by Thomas A. Lee. |
| 260 |
_aNew York : _bGarland Pub., _c1993. |
||
| 300 |
_a401 p. ; _c26 cm. |
||
| 440 | 0 | _aNew works in accounting history | |
| 504 | _aIncludes bibliographical references. | ||
| 650 | 0 |
_aAccounting _xStandards _xHistory. |
|
| 650 | 0 |
_aCash flow _xAccounting _xHistory. |
|
| 700 | 1 |
_aLee, T. A. _q(Thomas Alexander) |
|
| 999 |
_c7436 _d7436 |
||